| 000 | 00333nam a22001337a 4500 | ||
|---|---|---|---|
| 008 | 250326b |||||||| |||| 00| 0 eng d | ||
| 020 | _a0435913263 | ||
| 050 |
_aPR9346 _b.G66 |
||
| 100 | _aGOODWIN K. L. | ||
| 245 | _aUnderstanding Africa Poetry | ||
| 260 |
_aLondon _bHeinemann Educational Books _c1982 |
||
| 300 | _axix | ||
| 942 | _cBK | ||
| 999 |
_c2707 _d2707 |
||